Arctic Monkeys Lyrics - Perfect Sense - Statistics

General Stats
  • This quiz has been taken 37 times
  • The average score is 72 of 91
Answer Stats
Lyrics % Correct
I
100%
it
100%
it
100%
it
100%
it
100%
it
100%
it
100%
it
100%
it
100%
the
100%
the
100%
the
100%
A
97%
a
97%
A
97%
a
97%
of
93%
to
93%
to
93%
to
93%
goodnight
90%
goodnight
90%
goodnight
90%
perfect
90%
say
90%
say
90%
say
90%
sense
90%
that
90%
what
90%
what
90%
what
90%
what
90%
what
90%
And
86%
Executive
86%
makes
86%
Richard
86%
some
86%
takes
86%
takes
86%
takes
86%
takes
86%
takes
86%
that's
86%
that's
86%
That's
86%
that's
86%
that's
86%
all
83%
Branch
83%
If
83%
If
83%
York,
83%
my
79%
my
79%
Then
79%
Then
79%
on
76%
around
72%
fun
72%
Having
72%
head
72%
Sometimes,
72%
with
72%
wrap
72%
warm
66%
your
66%
act
62%
back
62%
hotel
62%
me
62%
notepad
62%
-up
62%
-figure
59%
four
59%
money
59%
streak
59%
When
59%
ain't
55%
race
55%
remindin'
55%
revelation
55%
sum
55%
final
52%
invincible
52%
Keep
52%
or
52%
turns
48%
onto
38%
straight
28%
No matching quizzes found
Score Distribution
Percent of People with Each Score
Percentile by Number Answered
Your Score History
You have not taken this quiz